00000000nam##2200000za#4500
0019.590302
003CaOODSP
00520210624200048
007cr |||||||||||
008150406|2009||||xxc|||||o    f|0| 0 fre|d
022 |a1701-1280
040 |aCaOODSP|bfre
041 |aeng
041 |afre
043 |an-cn---
0861 |aFs70-4/2009-031-PDF
1101 |aCanada. |bMinistère des pêches et des océans.
24510|aExamen des risques potentiels et des pratiques de gestion exemplaires concernant l'ensemencement d'anguilles d'Amérique à des fins de préservation : |h[ressource électronique]|bLes 27 et 28 mars 2007, Montréal, Québec / |cThomas Pratt, Ron Threader, Pierre Dumont, Alastair Mathers, John Dettmers et Lisa O'Connor, Coprésidents.
260 |aOttawa - Ontario : |bPêches et Océans Canada |cAvril 2010.
300 |a188p.|bcarte, tableaux
4901 |aSecrétariat canadien de consultation scientifique, série des comptes rendus|x1701-1280|v2009/031
590 |a14-20-Supp|b2014-11-25
791 |tReview of potential risks and best management practices associated with conservation stocking of American eels : |eeng|w(CaOODSP)9.590301
830#0|aCompte rendu (Secrétariat canadien de consultation scientifique)|x1701-1280|v2009/031|w(CaOODSP)9.500508
85640|ahttp://publications.gc.ca|qPDF|s821 Ko|uhttps://publications.gc.ca/collections/collection_2014/mpo-dfo/Fs70-4-2009-031.pdf|y2009/031